Cytaty polskich polityków - Statystyki

Ogólne statystyki
  • Ten quiz został rozwiązany 62 razy
  • Średni wynik to 7 z 10
Statystyki odpowiedzi
Hint Odpowiedź % Poprawnych
Jedzmy wszyscy Prince Polo Rafał Trzaskowski
98%
Pan jest niemieckim agentem Jarosław Kaczyński
95%
A friend in need, is a friend in dick Andrzej Duda
85%
Kto umrze to umrze i trudno Mateusz Morawiecki
78%
A za wami stoi Biedroń bijący matkę Sławomir Mentzen
75%
Będziesz pan wisiał Grzegorz Braun
73%
Chodź, szogunie Bronisław Komorowski
69%
Nie powiem nawet pies cię ..., bo to mezalians byłby dla psa. Leszek Miller
58%
Do Jaruzelskiego mnie już pan porównał,czekam aż znów porówna mnie pan do Hitlera Szymon Hołownia
58%
Jak można prostytutkę zgwałcić? Andrzej Lepper
42%
Nie znaleziono quizów pasujących do podanych kryteriów
Rozkład punktacji
Procent ludzi z każdym wynikiem
Percentyl według liczby udzielonych odpowiedzi
Twoja historia wyników
Nie rozwiązałeś tego quizu